| 000 | 01168nam0a22002651 4500 | ||
|---|---|---|---|
| 001 | rc\2815753 | ||
| 005 | 20260406124239.0 | ||
| 035 | _a(NLR Aleph) 006941496 | ||
| 090 |
_a7643039 _c7643039 |
||
| 100 | _a20110915d1945 u y0rusy50 ca | ||
| 101 | 0 | _arus | |
| 102 | _aRU | ||
| 105 | _ay z ||||| | ||
| 200 | 1 |
_aПланы семинаров по курсу "Основы марксизма-ленинизма" _e(2-й год обучения) _fМоск. ордена Ленина с.-х. акад. им. К. А. Тимирязева. Кафедра марксизма-ленинизма |
|
| 210 |
_aМосква _cтип. "Кр. знамя" _d1945 |
||
| 215 |
_a28 с. _d21 см. |
||
| 333 | _aНа правах рукописи | ||
| 710 | 0 | 2 |
_aРоссийская сельскохозяйственная академия им. К. А. Тимирязева _bКафедра марксизма-ленинизма _3RU\NLR\AUTH\8817100 _9307447 |
| 801 | 0 |
_aRU _bNLR _gpsbo |
|
| 801 | 1 |
_aRU _bELAR _2rusmarc |
|
| 852 |
_aNLR _jИп10 Г-4/123 |
||
| 942 | _cBOOK | ||
| 945 | _aРоссийская национальная библиотека | ||
| 980 | _aNB | ||
| 980 | _aBV | ||